000 00302 a2200145 4500
001 195443
040 _cMagnum
100 _aAlmeida, Zelia
240 1 0 _aQuando o vento sopra
_lpor
245 1 0 _aQuando o vento sopra
300 _a24
362 0 _a1987
697 _aMAGNITO: INFANTIL
942 _cBK
999 _c195443
_d195443